01645cam a2200421 a 45000010009000000050017000090080041000260100017000670200039000840200038001230400018001610420008001790430012001870500021001990820015002202450091002352600056003263000033003825040051004156500042004666500044005086500044005526500046005966500046006426500038006886510035007266510035007616510048007966510050008446510048008946510050009427000025009927000021010179060045010389420012010839990017010959520111011121716182820170105102854.0120213s2012 caub b 001 0 eng  a 2012006363 a9780520262522 (cloth : alk. paper) a9780520262539 (pbk. : alk. paper) aDLCcDLCdDLC apcc aa-is---00aDS125b.S77 201200a956.9422300aStruggle and survival in Palestine/Israel /cedited by Mark LeVine and Gershon Shafir. aBerkeley :bUniversity of California Press,cc2012. axii, 459 p. :bmap ;c24 cm. aIncludes bibliographical references and index. 0aCities and townszPalestinexHistory. 0aJewszPalestinexHistoryy19th century. 0aJewszPalestinexHistoryy20th century. 0aPalestinian ArabsxHistoryy19th century. 0aPalestinian ArabsxHistoryy20th century. 0aArab-Israeli conflictxInfluence. 0aPalestinexHistoryy1799-1917. 0aPalestinexHistoryy1917-1948. 0aPalestinexSocial conditionsy19th century. 0aPalestinexEconomic conditionsy19th century. 0aPalestinexSocial conditionsy20th century. 0aPalestinexEconomic conditionsy20th century.1 aLeVine, Mark,d1966-1 aShafir, Gershon. a7bcbccorignewd1eecipf20gy-gencatlg 2ddccBK c14401d14401 001040708NFICaCIPSbCIPScGENd2013-08-22l0o956.94 STR 2012pCIPS0000765r2013-08-22w2013-08-22yBK